Copenhagenize Index (world's best cycling cities) - Statistics

General Stats
  • This quiz has been taken 1,179 times
    606 since last reset
  • The average score is 9 of 20
Answer Stats
Place Answer % Correct
2. Amsterdam
93%
1. Copenhagen
93%
8. Paris
81%
15. Berlin
80%
7. Oslo
75%
10. Helsinki
65%
13. Barcelona
58%
9. Vienna
57%
20. Hamburg
55%
16. Tokyo
46%
4. Antwerp
44%
3. Utrecht
42%
18/19. Vancouver
29%
18/19. Montréal
25%
11. Bremen
19%
6. Bordeaux
17%
17. Taipei
17%
5. Strasbourg
16%
14. Ljubljana
15%
12. Bogotá
8%
No matching quizzes found
Score Distribution
Percent of People with Each Score
Percentile by Number Answered
Your Score History
You have not taken this quiz since the last reset